000 007260000a22002650004500
440 _aFAO Agricultural services bulletin
_b109
500 _aBibliography at the end of each chapter
650 _aFood storage
650 _aFood preservation
650 _aHarvesting
650 _aDrying
650 _aInsect control
650 _aRodent control
082 _a631.568
_bP942g
_cUN
518 _a990331
530 _aM
100 _aProctor, D. K., ed.
245 _aGrain storage techniques; evolution and trends in developing countries
020 _a92-5-103456-7
260 _aRome
_bFood and Agriculture Organization, IT
260 _c1994
041 _aEng
300 _axii, 277p.
_billus
942 _cGEN
999 _c17497
_d17497